[Event "Stay Safe Play From Home 131"]
[Site "T#645805Emanuel Laske"]
[Date "2020.05.07"]
[Round "5"]
[White "Little champs"]
[Black "rohit2007"]
[Result "1-0"]
[WhiteElo "2124"]
[BlackElo "2060"]
[Annotator "TA"]
[PlyCount "107"]
[EventDate "2020.05.07"]
[EventType "swiss (blitz)"]

{[%evp 9,107,0,0,0,12,0,19,16,33,19,47,12,12,12,27,31,41,18,34,12,12,0,7,0,77,74,68,66,81,59,175,174,220,216,255,231,215,211,348,324,333,324,321,315,552,564,560,547,532,529,527,517,1011,987,1168,1168,1144,1137,1131,1118,1098,1096,1055,870,851,836,984,983,2219,954,965,939,1258,1118,1216,1194,1104,1043,1016,995,29983,29984,29982,12798,29989,29990,29991,29992,29992,29993,29993,29994,29994,29995,29996,29996,29997,29998,29998,29999]} 1. d4 Nf6 2. e3 d5 3. Nf3 e6 4. Be2 Bd6 5. O-O O-O 6. c4 {D05: Colle System with ...e6.} c6 7. b3 Ne4 8. Bb2 {The position is equal.} Nd7 {[%cal Bb8d7,Bd7f6,Bf6e4][%mdl 32]} 9. Nc3 {[#]} Ndf6 $146 ({Predecessor:} 9... f5 10. Nd2 Qh4 11. f4 Nxd2 12. Qxd2 Nf6 13. Rf3 Ng4 14. Rh3 Qe7 15. Rf1 Bd7 16. Qc2 Nf6 17. c5 {½-½ (17) Gurevich,M (2652)-Shirov,A (2710) Khanty-Mansiysk 2005}) 10. Ne5 Nxc3 11. Bxc3 Ne4 12. Bb2 f6 13. Nf3 Qc7 14. g3 b6 15. Rc1 Bb7 16. Nd2 Qd7 (16... f5 $11) 17. Nxe4 $16 dxe4 18. c5 Bc7 {White leaves nothing to chance now.} 19. f3 f5 ({Better is} 19... exf3 $14 20. Bxf3 b5) 20. fxe4 $18 fxe4 21. Qc2 bxc5 22. Qxe4 cxd4 23. Bd3 $40 {[%csl Gd3][%cal Re4h7][%mdl 128] White is out for blood.} (23. Qxd4 $6 Qxd4 24. Bxd4 Bb6 $16) (23. exd4 Qd5 $14) 23... g6 {[#]} (23... Rf5 {is a better defense.} 24. Bc4 (24. Rxf5 exf5 25. Qxd4 Qe7 $16) (24. Bxd4 Raf8 $16) (24. Qxd4 Rd5 $17) 24... Rd5 25. Bxd4 Bb6 26. Bxd5 (26. Bd3 Rh5 $16) 26... exd5) 24. Bc4 $1 {[%cal Rc4e6]} (24. Bxd4 Qd5 $14) (24. Qxd4 Qxd4 25. Bxd4 Bb6 $16) (24. exd4 Rxf1+ 25. Bxf1 (25. Rxf1 Qd5 $16) 25... Qd5 $16) 24... Rae8 25. Rxf8+ (25. Bxd4 Rxf1+ 26. Rxf1 (26. Kxf1 Bxg3 27. hxg3 c5 $11) (26. Bxf1 Bb6 $16) 26... c5 $16) (25. exd4 Bd6 $16) 25... Kxf8 26. Rf1+ ({But not} 26. Bxd4 Kg8 $18) (26. Qxd4 Qxd4 27. Bxd4 Bb6 $16) (26. exd4 Bb6 $16) 26... Kg7 $2 (26... Kg8 {might work better.} 27. Rf6 (27. exd4 Bb6 $16) (27. Bxd4 c5 $16) (27. Qxd4 Qxd4 28. Bxd4 Bb6 $16) 27... Bc8 28. Bxd4 (28. exd4 Bd8 $16) (28. Qxd4 Qxd4 29. Bxd4 Bb6 $16) 28... Bb6) 27. Bxd4+ e5 28. Rf7+ Qxf7 29. Bxf7 Kxf7 30. Bxa7 Ra8 (30... Kg7 $142 31. a4 Re6) 31. Qc4+ Kf6 32. Qh4+ {[%mdl 64] Double Attack} Ke6 33. Qxh7 {[%mdl 64] Double Attack} Kd6 {[#]} 34. Bc5+ $1 {[%mdl 576] Deflection} Kxc5 35. Qxc7 {[%mdl 4160] Endgame Double Attack. KQ-KRB} Ba6 36. Qxe5+ Kb6 37. Qd4+ c5 38. Qd6+ Kb5 39. Qd7+ Kb6 40. Qe6+ Kb5 41. Qxg6 Rb8 42. Qd3+ Ka5 43. Qc3+ Kb5 44. Qc4+ Ka5 45. Qxc5+ Rb5 46. Qc7+ (46. b4+ $142 Ka4 {[#]} 47. Qc4 $1 {[%mdl 512]} Rb6 48. b5+ Ka5 49. bxa6 Rb1+ 50. Kf2 Rb2+ 51. Ke1) 46... Rb6 {[#]} 47. b4+ $1 {White mates.} Ka4 (47... Kxb4 48. Qxb6+) 48. Qxb6 {[%csl Gb4][%cal Rb6a5]} Ka3 49. Qxa6+ Kb2 50. b5 Kb1 51. b6 Kb2 52. b7 Ka1 53. Qb6 Kxa2 54. b8=Q {Accuracy: White = 90%, Black = 41%.} 1-0

[Event "Stay Safe Play From Home 131"]
[Site "T#645805Emanuel Laske"]
[Date "2020.05.07"]
[Round "5"]
[White "Don59as"]
[Black "Sfantul321"]
[Result "0-1"]
[WhiteElo "2076"]
[BlackElo "2033"]
[Annotator "TA"]
[PlyCount "96"]
[EventDate "2020.05.07"]
[EventType "swiss (blitz)"]

{[%evp 14,96,-15,-16,0,0,0,-6,0,-25,-22,-30,23,21,41,35,30,31,35,12,22,10,58,45,47,44,53,-29,-16,-39,0,6,6,-32,-31,-35,24,19,119,106,99,94,89,62,170,158,152,64,70,91,76,79,162,157,141,151,177,80,80,0,0,0,0,0,0,-360,-324,-320,-310,-376,-248,-29984,-29985,-29985,-29986,-29986,-29987,-29987,-29988,-29990,-29991,-29991,-29992,-29994,-29995]} 1. c4 c5 2. Nc3 Nc6 3. g3 g6 4. Bg2 Bg7 5. e3 e6 6. Nge2 Nge7 7. Nf4 O-O 8. O-O d6 {A36: Symmetrical English vs ...g6: 4 Bg2 Bg7.} 9. b3 Rb8 10. Bb2 a6 {The position is equal.} 11. a4 b6 12. Rb1 {[#]} Nb4 $146 (12... Bb7 $142) ({Predecessor:} 12... Bb7 13. Nce2 e5 14. Nd5 Nxd5 15. Bxd5 Nb4 16. Bxb7 Rxb7 17. d4 Rd7 18. d5 f5 {0-1 (44) Djordjevic,G (2160)-Pecurica,M (2192) Paracin 2014}) 13. d4 $11 Bb7 14. d5 e5 15. Nd3 Nxd3 16. Qxd3 f5 17. Ne2 e4 18. Qc2 Bxb2 19. Qxb2 Bc8 20. f3 (20. b4 $14) 20... exf3 21. Bxf3 b5 22. axb5 axb5 23. Qc3 b4 24. Qb2 Bd7 (24... g5 $15) 25. Nf4 $36 {[%mdl 2048] White has good play.} Qb6 (25... Nc8 $11 {remains equal.}) 26. Ne6 Bxe6 27. dxe6 Rbd8 28. e4 {Threatens to win with exf5.} fxe4 (28... f4 $14) 29. Bxe4 $18 {Hoping for Rf6.} d5 30. Rxf8+ (30. cxd5 $1 $16 c4+ 31. Kg2) 30... Rxf8 $14 31. cxd5 {Strongly threatening Rd1.} c4+ {[#]} 32. Kg2 $1 c3 (32... Qe3 $16 33. Qc2 Nf5) 33. Qe2 $18 Qc5 34. Rd1 {And now d6 would win.} Nc8 35. Rf1 (35. h4 $18) 35... Nd6 $16 {[#]} 36. Rxf8+ ({White should play} 36. e7 $1 $16 {[%csl Gf1][%cal Re7f8]} Rf7 37. Bf3) 36... Kxf8 $11 37. Qf3+ Ke7 $1 {White must now prevent ...c2.} 38. Bc2 Qd4 {...Qd2+ is the strong threat.} 39. h4 $2 {[%mdl 8192]} (39. Bd3 $11 {and White stays safe.}) 39... Qd2+ $19 {[%mdl 64] Double Attack} 40. Qf2 {With the idea Qxd2.} Qxd5+ {[%mdl 64] Double Attack} 41. Kh2 Qxe6 42. Qb6 $2 (42. Qa7+ $19 Kf8 43. Qb8+ Kf7 44. Qa7+ Qe7 45. Qf2+ Qf6 46. Qb6) 42... Qe2+ {[%mdl 64] Double Attack. Black mates.} 43. Kh3 Qxc2 44. Qc7+ Ke6 45. Qxh7 Qf5+ 46. Kh2 c2 47. Qg8+ Qf7 48. Qa8 c1=Q {Accuracy: White = 52%, Black = 63%.} 0-1

[Event "Stay Safe Play From Home 131"]
[Site "T#645805Emanuel Laske"]
[Date "2020.05.07"]
[Round "5"]
[White "Lazieri3"]
[Black "Kongle"]
[Result "1-0"]
[WhiteElo "2006"]
[BlackElo "1736"]
[Annotator "TA"]
[PlyCount "69"]
[EventDate "2020.05.07"]
[EventType "swiss (blitz)"]

{[%evp 10,69,6,3,61,-11,88,70,335,354,346,357,345,329,351,340,516,514,488,496,492,479,489,477,483,421,421,410,413,417,421,416,393,405,420,419,445,449,535,535,671,671,710,710,1868,1752,1745,1432,4102,2484,29992,29993,29993,29992,29992,29992,29992,29988,29988,29989,29974,1539]} 1. e4 c5 2. Nc3 Nc6 3. Nf3 Nf6 4. Bc4 d6 5. d3 Bg4 6. h3 Bh5 {B50: Sicilian: 2...d6, Miscellaneous.} (6... Bxf3 $11 7. Qxf3 Nd4) 7. Bf4 {[#]} ({White should play} 7. g4 $14 Bg6 8. g5) 7... Nd4 $146 {[#]} (7... e6 $11) ({Predecessor:} 7... a6 8. Nd5 b5 9. Nxf6+ gxf6 10. Bd5 Rc8 11. Ne5 dxe5 12. Qxh5 Qd6 13. Qxf7+ Kd7 14. Be3 {1-0 (66) Sekandar,K (1452)-Van Andel,M (1413) Rijswijk 2006}) 8. g4 $1 $16 {[%cal Rg4h5]} Nxf3+ $4 {[%mdl 8192]} (8... Bg6 $1 $14) 9. Qxf3 $18 Bg6 10. e5 dxe5 11. Bxe5 Nd7 12. Qxb7 {Threatens to win with Bb5.} Nxe5 (12... Qc8 {was worth a try.} 13. Ba6 Nxe5) 13. Bb5+ Nd7 14. Bxd7+ $1 {[%mdl 64] Overworked Piece} Qxd7 15. Qxa8+ Qd8 16. Qxa7 e6 17. Qa4+ Qd7 18. Qxd7+ Kxd7 19. h4 h5 20. f3 hxg4 21. fxg4 f6 22. h5 Be7 23. Kd2 Bf7 24. a4 Rb8 25. a5 Bd6 26. a6 Rxb2 27. a7 Bf4+ 28. Kd1 Be5 29. a8=Q Bxc3 30. Ra7+ {White mates.} Kd6 31. Rxf7 Ke5 32. Qe4+ Kd6 33. Rxg7 f5 {[#]} 34. gxf5 $3 {[%csl Gf5][%cal Re4e6]} Bxg7 35. Qxe6+ {Black did not feel at home in the position after the opening. Accuracy: White = 90%, Black = 30%.} 1-0

[Event "Stay Safe Play From Home 131"]
[Site "T#645805Emanuel Laske"]
[Date "2020.05.07"]
[Round "5"]
[White "MartinKestler"]
[Black "Nickless0"]
[Result "1-0"]
[WhiteElo "1916"]
[BlackElo "1995"]
[Annotator "TA"]
[PlyCount "65"]
[EventDate "2020.05.07"]
[EventType "swiss (blitz)"]

{[%evp 9,65,12,40,8,17,17,55,1,67,55,216,175,324,307,313,324,392,108,134,135,279,264,426,208,195,162,151,125,159,-304,-300,-375,-388,-369,-376,-477,-445,-520,-508,-520,-516,-499,-291,-275,-196,-547,-564,-978,-937,-29991,-2845,-29998,-29991,-29992,-29985,-29998,-29993,-29999]} 1. Nf3 d5 2. b3 c5 3. Bb2 Nc6 4. e3 Qc7 5. d4 Nf6 6. Be2 {A06: Réti Opening: 1 Nf3 d5.} e6 7. O-O Bd6 8. Nbd2 ({Better is} 8. dxc5 $14 Bxc5 9. c4) 8... Bd7 ({Black should play} 8... cxd4 $11 9. exd4 b6) 9. c4 {[#]} O-O-O $146 ({Black should try} 9... cxd4 $14 10. exd4 O-O) ({Predecessor:} 9... cxd4 10. cxd5 exd5 11. exd4 O-O 12. Rc1 Qb6 13. a3 Rfe8 14. h3 Bf5 15. g4 Bg6 {1-0 (22) Sanders,I (1855)-Cretnik,U Mureck 2009}) 10. Rc1 e5 (10... cxd4 $142 11. cxd5 (11. exd4 Kb8 $14) 11... Nxd5) 11. dxe5 Nxe5 12. cxd5 Nxd5 13. h3 $2 (13. Nxe5 $18 Bxe5 14. Bxe5 Qxe5 15. Nf3) 13... f6 14. a3 g5 {[#]} (14... Nxf3+ $16 15. Bxf3 (15. Nxf3 Bc6 $14) 15... Bb5) 15. b4 $1 {[%cal Bb3b4,Bb4c5][%mdl 544] bxc5 is the strong threat.} g4 $2 (15... Bc6 {was worth a try.} 16. bxc5 Nxf3+ 17. Nxf3 Be5) (15... cxb4 16. Rxc7+) 16. hxg4 (16. Nxe5 $142 Bxe5 17. Bxe5 Qxe5 18. Rxc5+ Bc6 19. b5 {[%mdl 64] Pin} Nxe3 20. Bxg4+ (20. bxc6 Qxc5 {[%mdl 64] Double Attack} 21. Qb3 Qe7 $16) 20... Kb8 21. Rxe5 Nxd1 22. Re7 Bxb5 23. Rxd1) 16... Nxg4 $18 17. bxc5 Bh2+ 18. Kh1 {And now Nc4 would win.} Bc6 {Black wants to play ...Rhg8.} 19. Ne4 $2 (19. Nd4 $16 Ngxe3 20. fxe3 Nxe3 {[%mdl 64] Double Attack} 21. Nxc6 Qxc6 22. Bg4+ Kb8 23. Qe2 Nxf1 24. Nxf1 (24. Rxf1 Rhe8 $14)) 19... Ndxe3 $1 $19 {[%mdl 64] [#] Double Attack, Discovered Attack} 20. Nd6+ Bxd6 21. cxd6 Rxd6 ({Worse is} 21... Nxf1 22. Qd4 $11) 22. Qb3 Nxf1 23. Rxf1 Re8 {Threatens to win with ...f5.} 24. Bb5 Rd5 25. Bxc6 Rh5+ ({Less strong is} 25... Qxc6 26. Kg1 $19) (25... bxc6 $142 26. Kg1 f5) 26. Kg1 bxc6 $40 {[%mdl 128] Black attacks with force.} 27. Qc4 $2 (27. Rc1 {is tougher.}) 27... Nh2 28. Qa6+ Kb8 {( -> ...Nxf3+)} 29. Qxa7+ Qxa7 (29... Kxa7 $142 30. Ne5 Nxf1 31. Kxf1 Rh1+ 32. Ke2 Qd7 33. Ke3 Re1+ 34. Kf4 fxe5+ 35. Kg3 Qg7+ 36. Kh2 Qh6+ 37. Kg3 Rg8+ 38. Kf3 Qf8#) 30. Bd4 Qc7 {Black mates.} 31. Ne5 Nf3+ 32. gxf3 fxe5 {[%cal Re8g8]} 33. Kg2 {[%mdl 32768] Accuracy: White = 32%, Black = 26%. . Sensor Board Error (Ke4/e5)?} 1-0

[Event "Stay Safe Play From Home 131"]
[Site "T#645805Emanuel Laske"]
[Date "2020.05.07"]
[Round "5"]
[White "Haris kollari 13"]
[Black "Indianquant"]
[Result "0-1"]
[WhiteElo "1912"]
[BlackElo "2240"]
[Annotator "TA"]
[PlyCount "54"]
[EventDate "2020.05.07"]
[EventType "swiss (blitz)"]

{[%evp 13,53,-1,10,-44,-8,-85,-29,-16,0,0,36,42,101,99,98,97,321,303,308,-929,-923,-1439,-1408,-1241,-762,-658,-625,-673,-664,-715,-722,-1078,-1098,-1851,-1831,-2829,-2458,-29991,-29992,-29992,-29993,-29999]} 1. e4 c5 2. Nf3 d6 3. d4 cxd4 4. Nxd4 Nf6 5. Nc3 a6 6. f4 e5 7. Nf3 Nbd7 8. Be2 {B93: Sicilian Najdorf: 6 f4.} (8. a4 $11) 8... Be7 {[#]} 9. h3 $146 (9. a4 $11) ({Predecessor:} 9. O-O O-O 10. f5 b5 11. a3 Bb7 12. Bd3 Rc8 13. Bg5 d5 14. exd5 Nxd5 15. Bxe7 Qxe7 16. Nxd5 Bxd5 {0-1 (51) Sreyas,P (2072)-Rosko,L (2309) Pardubice 2019}) 9... exf4 (9... b5 $17) 10. Bxf4 $11 {Black has an edge.} Nc5 11. e5 Nh5 12. Bh2 Bh4+ (12... O-O $14) 13. Nxh4 $16 Qxh4+ 14. Kf1 dxe5 $2 (14... Nf4 $16 {might work better.}) 15. Bxh5 $18 O-O 16. Qg4 $4 {[%mdl 8192]} (16. Bxe5 $18 Bf5 17. g3) 16... Bxg4 $19 17. Bxg4 f5 18. Be2 f4 {[#] White must now prevent ...f3!} 19. Bg1 Rac8 {[%cal Ba8c8,Bc8c6,Bc6c5][%mdl 32]} 20. Bg4 Rc6 21. Bf3 {[#]} e4 $1 22. Bg4 (22. Nxe4 Nxe4) 22... h5 23. Bxc5 Rxc5 24. Be6+ Kh8 25. Rd1 f3 {Black mates.} 26. g4 e3 {[%csl Ge3][%cal Rh4f2]} 27. gxh5 Qf2# {Accuracy: White = 28%, Black = 49%.} 0-1

[Event "Stay Safe Play From Home 131"]
[Site "T#645805Emanuel Laske"]
[Date "2020.05.07"]
[Round "5"]
[White "Tumnik_ad"]
[Black "chessuliu"]
[Result "1-0"]
[WhiteElo "1875"]
[BlackElo "1694"]
[Annotator "NA RC"]
[PlyCount "49"]
[EventDate "2020.05.07"]
[EventType "swiss (blitz)"]

1. c3 {[%emt 0:00:04]} e5 {[%emt 0:00:02]} 2. d3 {[%emt 0:00:00]} d5 {[%emt 0:00:03]} 3. Nd2 {[%emt 0:00:00]} c6 {[%emt 0:00:01]} 4. h3 {[%emt 0:00:00]} Nf6 {[%emt 0:00:01]} 5. g4 {[%emt 0:00:00]} Bd6 {[%emt 0:00:02]} 6. Bg2 {[%emt 0:00:00]} Be6 {[%emt 0:00:03]} 7. Nf1 {[%emt 0:00:00]} Nbd7 {[%emt 0:00:01]} 8. Ng3 {[%emt 0:00:00]} Qc7 {[%emt 0:00:07]} 9. Nf3 {[%emt 0:00:01]} e4 {[%emt 0:00:02]} 10. dxe4 {[%emt 0:00:04]} Bxg3 {[%emt 0:00:03]} 11. exd5 {[%emt 0:00:05]} Bxd5 {[%emt 0:00:07]} 12. fxg3 {[%emt 0:00:11]} Qxg3+ {[%emt 0:00:04]} 13. Kf1 {[%emt 0:00:00]} Ne4 {[%emt 0:00:19]} 14. Be3 {[%emt 0:00:14]} Ne5 {[%emt 0:00:18]} 15. Qe1 {[%emt 0:00:17]} Nxf3 {[%emt 0:00:22]} 16. exf3 {[%emt 0:00:15]} Qxe1+ {[%emt 0:00:12]} 17. Kxe1 {[%emt 0:00:00]} Nd6 {[%emt 0:00:18]} 18. Kf2 {[%emt 0:00:06]} O-O {[%emt 0:00:05]} 19. Bc5 {[%emt 0:00:01]} Rfd8 {[%emt 0:00:03]} 20. Rad1 {[%emt 0:00:06]} Nc4 {[%emt 0:00:07]} 21. b3 {[%emt 0:00:04]} Ne5 {[%emt 0:00:11]} 22. Rhe1 {[%emt 0:00:03]} Ng6 {[%emt 0:00:06]} 23. Kg3 {[%emt 0:00:07]} b6 {[%emt 0:00:11]} 24. Be7 {[%emt 0:00:02]} Rd7 {[%emt 0:00:10]} 25. Bg5 {[%emt 0:00:02] Zeit (Lag: Av=0.42s, max=0.5s)} 1-0

[Event "Stay Safe Play From Home 131"]
[Site "T#645805Emanuel Laske"]
[Date "2020.05.07"]
[Round "5"]
[White "matanant"]
[Black "Shatarchin7"]
[Result "0-1"]
[WhiteElo "1795"]
[BlackElo "2038"]
[Annotator "TA"]
[PlyCount "71"]
[EventDate "2020.05.07"]
[EventType "swiss (blitz)"]

{[%evp 12,71,16,19,43,43,51,57,62,44,45,44,81,68,61,56,56,43,61,26,71,52,43,-29,110,0,27,35,56,-13,-9,-56,-51,-148,-143,-122,-50,-60,-57,-226,-237,-359,-354,-637,-637,-637,-637,-637,-637,-637,-637,-1125,-637,-935,-637,-1762,-1593,-29975,-29977,-29991,-29975,-29994]} 1. b3 c5 2. Bb2 d5 3. f4 Nf6 4. Nf3 Bg4 5. e3 Nc6 6. Bb5 e6 7. O-O a6 {A03: Bird's Opening with 1...d5.} 8. Bxc6+ bxc6 9. d3 Be7 {White is slightly better.} 10. Nbd2 O-O 11. Qe1 {[#]} Rb8 $146 ({Predecessor:} 11... Bxf3 12. Nxf3 Rb8 13. Ne5 Qc7 14. g4 Nd7 15. g5 Nxe5 16. Bxe5 Bd6 17. Bb2 e5 {0-1 (58) Kettner Nikolaus,F (1700)-Brunner,S (1892) Playchess.com INT 2020}) 12. Ne5 Qc7 13. Nxg4 Nxg4 14. h3 Nh6 15. g4 f5 16. g5 Nf7 17. h4 (17. Nf3 $14) 17... a5 (17... e5 $11 {remains equal.}) 18. a4 (18. Qg3 $16) 18... c4 19. dxc4 Bb4 20. c3 (20. Qf2 $14) 20... Bc5 $11 21. cxd5 cxd5 22. Rb1 (22. Kh2 $15) 22... Qa7 $17 23. Rf3 Nd6 (23... e5 $17 {Threatens to win with ...exf4.} 24. b4 axb4) 24. Kg2 $15 Ne4 {...Nxd2 is the strong threat.} 25. b4 $2 {Loses the game.} (25. Ba1 $1 $15) 25... axb4 $19 26. cxb4 (26. Rc1 {is a better defense.}) 26... Bxb4 27. Bd4 $2 (27. Be5 Nxd2 28. Rxb4 {[%mdl 64] Remove Defender} Rxb4 29. Rf2) 27... Qa5 28. Rxb4 Qxb4 29. Rf2 Nxf2 30. Kxf2 Qxa4 31. Qe2 Qb5 32. Qd1 Ra8 {aiming for ...Ra2.} 33. Qc2 Rfc8 34. Qd1 {[#]} Ra2 $1 35. Kf3 {[#]} Qd3 $1 36. Qe1 {Accuracy: White = 40%, Black = 62%.} 0-1

[Event "Stay Safe Play From Home 131"]
[Site "T#645805Emanuel Laske"]
[Date "2020.05.07"]
[Round "5"]
[White "Dukic"]
[Black "DACHI2020"]
[Result "0-1"]
[WhiteElo "1769"]
[BlackElo "1610"]
[Annotator "NA RC"]
[PlyCount "104"]
[EventDate "2020.05.07"]
[EventType "swiss (blitz)"]

1. c4 {[%emt 0:00:03]} d5 {[%emt 0:00:01]} 2. cxd5 {[%emt 0:00:02]} Qxd5 {[%emt 0:00:00]} 3. Nf3 {[%emt 0:00:03]} Qd8 {[%emt 0:00:00]} 4. Nc3 {[%emt 0:00:01]} Nf6 {[%emt 0:00:01]} 5. d4 {[%emt 0:00:02]} e6 {[%emt 0:00:01]} 6. e4 {[%emt 0:00:01]} Be7 {[%emt 0:00:01]} 7. Bd3 {[%emt 0:00:03]} Nbd7 {[%emt 0:00:02]} 8. O-O {[%emt 0:00:02]} a6 {[%emt 0:00:01]} 9. Qe2 {[%emt 0:00:01]} b5 {[%emt 0:00:01]} 10. e5 {[%emt 0:00:02]} Nd5 {[%emt 0:00:02]} 11. Nxd5 {[%emt 0:00:13]} exd5 {[%emt 0:00:00]} 12. e6 {[%emt 0:00:03]} Nf6 {[%emt 0:00:05]} 13. exf7+ {[%emt 0:00:03]} Kxf7 {[%emt 0:00:01]} 14. Ng5+ {[%emt 0:00:01]} Kg8 {[%emt 0:00:04]} 15. Re1 {[%emt 0:00:07]} Bf8 {[%emt 0:00:05]} 16. Bf4 {[%emt 0:00:15]} h6 {[%emt 0:00:02]} 17. Ne6 {[%emt 0:00:07]} Qe7 {[%emt 0:00:12]} 18. Nxc7 {[%emt 0:00:09]} Qxe2 {[%emt 0:00:02]} 19. Rxe2 {[%emt 0:00:01]} Ra7 {[%emt 0:00:02]} 20. Rc1 {[%emt 0:00:04]} Kf7 {[%emt 0:00:11]} 21. Nxb5 {[%emt 0:00:14]} axb5 {[%emt 0:00:08]} 22. Rxc8 {[%emt 0:00:01]} g5 {[%emt 0:00:07]} 23. Be5 {[%emt 0:00:04]} Bg7 {[%emt 0:00:01]} 24. Rxh8 {[%emt 0:00:03]} Bxh8 {[%emt 0:00:00]} 25. a3 {[%emt 0:00:02]} Bg7 {[%emt 0:00:04]} 26. f3 {[%emt 0:00:01]} Rb7 {[%emt 0:00:03]} 27. b4 {[%emt 0:00:03]} Nd7 {[%emt 0:00:01]} 28. Bxg7 {[%emt 0:00:02]} Kxg7 {[%emt 0:00:00]} 29. Re6 {[%emt 0:00:03]} Nf6 {[%emt 0:00:06]} 30. g4 {[%emt 0:00:05]} Kf7 {[%emt 0:00:01]} 31. Rc6 {[%emt 0:00:03]} Ke7 {[%emt 0:00:02]} 32. Bf5 {[%emt 0:00:03]} Ra7 {[%emt 0:00:09]} 33. Rb6 {[%emt 0:00:03]} Rxa3 {[%emt 0:00:02]} 34. Rxb5 {[%emt 0:00:01]} Ra1+ {[%emt 0:00:04]} 35. Kg2 {[%emt 0:00:02]} Rd1 {[%emt 0:00:01]} 36. Rb7+ {[%emt 0:00:03]} Kf8 {[%emt 0:00:02]} 37. Bg6 {[%emt 0:00:03]} Kg8 {[%emt 0:00:05]} 38. Rf7 {[%emt 0:00:04]} Ne8 {[%emt 0:00:08]} 39. Rf5 {[%emt 0:00:02]} Nc7 {[%emt 0:00:07]} 40. Bf7+ {[%emt 0:00:04]} Kg7 {[%emt 0:00:03]} 41. Bxd5 {[%emt 0:00:01]} Rxd4 {[%emt 0:00:01]} 42. Be4 {[%emt 0:00:06]} Rxb4 {[%emt 0:00:04]} 43. Rc5 {[%emt 0:00:02]} Ne6 {[%emt 0:00:03]} 44. Rc6 {[%emt 0:00:03]} Nf4+ {[%emt 0:00:01]} 45. Kf2 {[%emt 0:00:04]} Rb2+ {[%emt 0:00:01]} 46. Ke3 {[%emt 0:00:01]} Rb3+ {[%emt 0:00:02]} 47. Kd4 {[%emt 0:00:02]} Rb2 {[%emt 0:00:01]} 48. Ke5 {[%emt 0:00:02]} Rb5+ {[%emt 0:00:02]} 49. Kd4 {[%emt 0:00:03]} Rb7 {[%emt 0:00:04]} 50. Rg6+ {[%emt 0:00:03]} Nxg6 {[%emt 0:00:02]} 51. Bxb7 {[%emt 0:00:01]} Kf6 {[%emt 0:00:01]} 52. Ke4 {[%emt 0:00:01]} Nf4 {[%emt 0:00:00] Zeit (Lag: Av=0.55s, max=0.7s)} 0-1

[Event "Stay Safe Play From Home 131"]
[Site "T#645805Emanuel Laske"]
[Date "2020.05.07"]
[Round "5"]
[White "Edmatuag"]
[Black "Chase the sun"]
[Result "0-1"]
[WhiteElo "1711"]
[BlackElo "1877"]
[Annotator "NA RC"]
[PlyCount "48"]
[EventDate "2020.05.07"]
[EventType "swiss (blitz)"]

1. e4 {[%emt 0:00:01]} e6 {[%emt 0:00:02]} 2. d4 {[%emt 0:00:02]} d5 {[%emt 0:00:00]} 3. Nc3 {[%emt 0:00:02]} Bb4 {[%emt 0:00:02]} 4. Nge2 {[%emt 0:00:03]} Nf6 {[%emt 0:00:02]} 5. e5 {[%emt 0:00:02]} Nfd7 {[%emt 0:00:01]} 6. a3 {[%emt 0:00:01]} Be7 {[%emt 0:00:02]} 7. Be3 {[%emt 0:00:04]} c5 {[%emt 0:00:02]} 8. f4 {[%emt 0:00:05]} Nc6 {[%emt 0:00:03]} 9. Nb5 {[%emt 0:00:12]} Qb6 {[%emt 0:00:04]} 10. Nd6+ {[%emt 0:00:13]} Bxd6 {[%emt 0:00:02]} 11. exd6 {[%emt 0:00:00]} O-O {[%emt 0:00:08]} 12. dxc5 {[%emt 0:00:04]} Qxb2 {[%emt 0:00:03]} 13. Nd4 {[%emt 0:00:49]} e5 {[%emt 0:00:19]} 14. Nb3 {[%emt 0:00:08]} exf4 {[%emt 0:00:06]} 15. Bxf4 {[%emt 0:00:09]} Re8+ {[%emt 0:00:04]} 16. Be2 {[%emt 0:00:01]} Qc3+ {[%emt 0:00:09]} 17. Bd2 {[%emt 0:00:08]} Qf6 {[%emt 0:00:04]} 18. Rf1 {[%emt 0:00:03]} Qh4+ {[%emt 0:00:02]} 19. Rf2 {[%emt 0:00:05]} Qxh2 {[%emt 0:00:02]} 20. Bf4 {[%emt 0:00:03]} Qg1+ {[%emt 0:00:04]} 21. Kd2 {[%emt 0:00:03]} Qxf2 {[%emt 0:00:03]} 22. g3 {[%emt 0:00:06]} Nde5 {[%emt 0:00:18]} 23. Qg1 {[%emt 0:00:09]} Nc4+ {[%emt 0:00:04]} 24. Kd1 {[%emt 0:00:02]} Qxg1+ {[%emt 0:00:12] Edmatuag resigns (Lag: Av=0.62s, max=4.8s)} 0-1